00656nam a2200157 i 4500001000700000003000900007005001700016008004100033110003500074245012100109260004800230300003100278852004900309999001900358952012100377171990ES-MaACL20230929062538.0090610s1863 sp |||| | spa d2 aReal Academia Española9633610aMemoria relativa al monumento mural dedicado a Frey Lope Félix de Vega Carpio / cpor la Real Academia Española. aMadrid : b[s.n.], c1863 (fImp. Nacional) a61 p., 1 lám. ; c25 cm. aES-MaACLjK-142(1) z- Enc. pasta española c171990d171990 001040708LIBXIXaATENEOMbATENEOMcADMd2009-06-10l0oK-142(1)p1180495r2023-02-23 00:00:00w2023-02-23yMONANT